Arctic Monkeys Lyrics - Put Your Dukes Up John - Statistics

General Stats
  • This quiz has been taken 21 times
  • The average score is 199 of 329
Answer Stats
Lyrics % Correct
John
100%
dukes
92%
put
92%
Put
92%
up,
92%
-Y
92%
You
92%
your
92%
Your
92%
a
75%
C
75%
-C
75%
-I
75%
-N
75%
be
67%
Be
67%
and
58%
And
58%
Yeah,
58%
for
50%
from
50%
good
50%
not
50%
way
50%
you're
50%
going
42%
new
42%
the
42%
The
42%
under
42%
were
42%
advice
33%
anywhere)
33%
anywhere
33%
by
33%
(Change
33%
change
33%
Change
33%
hair)
33%
hair
33%
Just
33%
Made
33%
my
33%
(Or
33%
Or
33%
pretenders
33%
sanitised
33%
They
33%
tune
33%
was
33%
blood
25%
boil
25%
bruised
25%
His
25%
integrity
25%
makes
25%
them
25%
calm
17%
celebrity
17%
pulled
17%
rug
17%
ruse
17%
blinds
8%
him
8%
margin
8%
preened
8%
profit
8%
Struck
8%
dumb
0%
groomed
0%
ostracised
0%
No matching quizzes found
Score Distribution
Percent of People with Each Score
Percentile by Number Answered
Your Score History
You have not taken this quiz